Berühmte Seefahrer - Statistiken

Allgemein
  • Dieses Quiz wurde 65 mal gespielt
  • Das Durchschnittsergebnis liegt bei 5 aus 11
Antwortstatistiken
Tipp Antwort % Korrekt
Sorgte 1492 für die wiederentdeckung Amerikas für Europa. Christoph Kolumbus
100%
Führte die erste Weltumsegelung an, auch wenn er selbst unterwegs starb. Ferdinand Magellan
77%
Fand den ersten direkten Seeweg von Europa nach Indien. Vasco da Gama
71%
Kartografierte große Teile des Pazifiks und entdeckte u. a. Hawaii für die Europäer. James Cook
64%
Suchte nach der Nordwestpassage und gab der _____ Bay ihren Namen. Henry Hudson
59%
Englischer Freibeuter, der als zweiter Mensch die Welt umsegelte. Francis Drake
52%
Gab _______ seinen Namen, da er als erster erkannte, dass es sich um einen neuen Kontinent handelte. Amerigo Vespucci
46%
Ein Wikinger, der wahrscheinlich als erster Europäer Nordamerika erreichte. Leif Eriksson
45%
Erster Mensch, der die Nordwestpassage vollständig durchsegelte Roald Amundsen
14%
Vor allem für seine tragische Expedition zur Nordwestpassage bekannt. John Franklin
5%
Erster Mensch, der die Welt nonstop allein umsegelte Robin Knox-Johnston
2%
Keine übereinstimmenden Quizze gefunden
Verteilung der Resultate
Anzahl Personen mit jedem Resultat
Perzentil nach korrekt beantworteten Fragen
Ihre Resultats-Entwicklung
Sie haben dieses Quiz noch nicht gespielt